000 00337nam a22001337a 4500
008 170623b xxu||||| |||| 00| 0 eng d
020 _a9780815769194
041 _aeng
080 _a338
100 _a21
101 _aSHP
245 _aENERGY SECURITY ECONOMICS POLITICS STRATEGIES AND IMPLICATION
_cPASCUAL.C
942 _2udc
_cBK
999 _c18968
_d18968